00611nam a22001697a 450000500170000001000130001702000210003003500110005103700130006208200110007510000530008624500880013924600650022726000550029227000710034730000230041820210125124401.0 aUR-11008 c35.00a24IRV89TC aU-9563 bDBAD/PUB a841.08 qکنو ر مہند ر سنگھ بيد ی سحر  aجمنا تٹ سو ر ن cکنو ر مہند ر سنگھ بيد ی سحر  bKanwer Mahinder Singh Bedi (Urdu)aby Haryana Urdu Acedemy  aChandigarhbDirector Haryana Urdu Acedemyc2020 ء aSOC and Printers,Industrial Area,bChandigarhe134113l01722561412 a125 ص c22 Cm(Hb)